| 000 | 00675nam a22002177a 4500 | ||
|---|---|---|---|
| 001 | 2815 | ||
| 003 | BD-DhBUF | ||
| 005 | 20251123112041.0 | ||
| 008 | 251123b bg ||||| |||| 00| 0 ben d | ||
| 020 | _a9789843471253 | ||
| 040 |
_aBD-DhBUF _cBD-DhBUF |
||
| 100 |
_aশোয়াব, ক্লাউস _94193 |
||
| 245 |
_aচতুর্থ শিল্প বিপ্লব / _cক্লাউস শোয়াব, |
||
| 246 | _aThe fourth industrial revolution / | ||
| 260 |
_aঢাকা : _bমাতৃভাষা, _c২০২৩. |
||
| 300 |
_a168p. : _c22cm. ; |
||
| 526 | _aES | ||
| 650 | _aBusiness | ||
| 650 | _aEnvironmental Science | ||
| 942 |
_2ddc _cBK |
||
| 999 |
_c2815 _d2815 |
||